000 00733cam a2200265 4500500
005 20260405003200.0
041 _afre
042 _adc
100 1 0 _aEltchaninoff, Michel
_eauthor
245 0 0 _aQuel nuancé êtes-vous ?
260 _c2020.
500 _a53
690 _aClaude Lévi-Strauss
690 _aEmpirisme
690 _aHume
690 _aModération
690 _aNuance
690 _aPragmatisme
690 _arelativisme
690 _aScepticisme
690 _atest
690 _aWilliam James
786 0 _nPhilosophie magazine | 145 | 1 | 2020-12-01 | p. 36-37 | 1951-1787
856 4 1 _uhttps://shs.cairn.info/magazine-philosophie-magazine-2020-12-1-page-36?lang=fr&redirect-ssocas=7080
999 _c2065116
_d2065116